Las enseñanzas de farmacia en Madrid, 1804-2004 / (Record no. 175554)
[ view plain ]
| 000 -LEADER | |
|---|---|
| campo de control de longitud fija | 01836nam a2200313 i 4500 |
| 001 - NÚMERO DE CONTROL | |
| campo de control | 175554 |
| 003 - IDENTIFICADOR DE NÚMERO DE CONTROL | |
| campo de control | ES-MaACL |
| 005 - FECHA Y HORA DE LA ÚLTIMA TRANSACCIÓN | |
| campo de control | 20240102124105.0 |
| 008 - DATOS DE LONGITUD FIJA--INFORMACIÓN GENERAL | |
| campo de control de longitud fija | 101105s2004 sp h |||| | spa d |
| 080 ## - NÚMERO DE LA CLASIFICACIÓN DECIMAL UNIVERSAL | |
| Número de la Clasificación Decimal Universal | 378.4(460.27-25).096:615(09) |
| 245 04 - MENCIÓN DEL TÍTULO | |
| Título | Las enseñanzas de farmacia en Madrid, 1804-2004 / |
| Mención de responsabilidad, etc. | [prólogo, Benito del Castillo ; introducción, Francisco Javier Puerto]. |
| 260 ## - PUBLICACIÓN, DISTRIBUCIÓN, ETC. | |
| Lugar de publicación, distribución, etc. | [Madrid : |
| Nombre del editor, distribuidor, etc. | Universidad Complutense de Madrid, Facultad de Farmacia], |
| Fecha de publicación, distribución, etc. | 2004. |
| 300 ## - DESCRIPCIÓN FÍSICA | |
| Extensión | 54 p. ; |
| Dimensiones | 30 cm + |
| Material acompañante/anejo | 1 facsímil. |
| 505 8# - NOTA DE CONTENIDO CON FORMATO | |
| Nota de contenido con formato | Contiene: [Reimp. de] Sesión conmemorativa del centenario de la construcción del edificio de la Facultad de Farmacia de Madrid, 1927 / discurso del Sr. Casares Gil ; conferencia del Dr. Folch ; discurso-resumen pronunciado por D. José Rodríguez Carracido |
| 534 ## - NOTA SOBRE LA VERSIÓN ORIGINAL | |
| Frase introductoria | Facs. adjunto: |
| Encabezamiento principal del original | España [Cédula, 1804-01-18] : |
| Mención de título del original | Real cédula de S.M. y señores del Consejo, por la qual se aprueban y mandan observar las nuevas Ordenanzas formadas para el régimen y gobierno de la Facultad de Farmacia, |
| Publicación, distribución, etc. del original | Madrid : en la Imp. Real, 1804. |
| Descripción física, etc. del original | [12] p.; Fol. |
| Nota sobre el original | Certifica la copia, Bartolomé Muñoz. |
| 597 ## - NOTA DE DESCRIPCIÓN FÍSICA | |
| NOTA DE DESCRIPCIÓN FÍSICA | Ambos folletos guardados en carpeta. |
| 597 ## - NOTA DE DESCRIPCIÓN FÍSICA | |
| NOTA DE DESCRIPCIÓN FÍSICA | Ejemplar con algunas correcciones manuscritas. |
| 610 24 - PUNTO DE ACCESO ADICIONAL DE MATERIA--NOMBRE DE ENTIDAD CORPORATIVA | |
| Nombre de entidad corporativa o nombre de jurisdicción como elemento de entrada | Universidad Complutense de Madrid. |
| Unidad subordinada | Facultad de Farmacia. |
| 9 (RLIN) | 171281 |
| 650 #4 - PUNTO DE ACCESO ADICIONAL DE MATERIA--TÉRMINO DE MATERIA | |
| Término de materia o nombre geográfico como elemento de entrada | Farmacia- |
| Subdivisión general | Enseñanza. |
| 9 (RLIN) | 152036 |
| 700 1# - ENTRADA AGREGADA--NOMBRE PERSONAL | |
| Nombre de persona | Castillo García, Benito del. |
| 9 (RLIN) | 36744 |
| 700 0# - ENTRADA AGREGADA--NOMBRE PERSONAL | |
| Nombre de persona | Puerto Sarmiento, Francisco Javier, |
| Fechas asociadas al nombre | 1950- |
| 9 (RLIN) | 94191 |
| 700 1# - ENTRADA AGREGADA--NOMBRE PERSONAL | |
| Nombre de persona | Casares Gil, José, |
| Fechas asociadas al nombre | 1866-1961 |
| 9 (RLIN) | 36166 |
| 700 1# - ENTRADA AGREGADA--NOMBRE PERSONAL | |
| Nombre de persona | Folch Andreu, Rafael. |
| 9 (RLIN) | 51444 |
| 700 1# - ENTRADA AGREGADA--NOMBRE PERSONAL | |
| Nombre de persona | Rodríguez Carracido, José, |
| Fechas asociadas al nombre | 1856-1928 |
| 9 (RLIN) | 98407 |
| 700 1# - ENTRADA AGREGADA--NOMBRE PERSONAL | |
| Nombre de persona | Muñoz, Bartolomé. |
| 9 (RLIN) | 143116 |
| 710 2# - ENTRADA AGREGADA--NOMBRE DE ENTIDAD CORPORATIVA | |
| Nombre de entidad corporativa o nombre de jurisdicción como elemento de entrada | Universidad Complutense de Madrid. |
| Unidad subordinada | Facultad de Farmacia. |
| 9 (RLIN) | 171281 |
| 852 ## - LOCALIZACIÓN | |
| Ubicación | ES-MaACL |
| Número de control de estantería | 2283-F-20 |
| Estatus retirado | Estado de pérdida | Estado de daño | No para préstamo | Colección | Biblioteca de origen | Biblioteca actual | Ubicación en estantería | Fecha de adquisición | Fuente de adquisición | Total de préstamos | Signatura topográfica completa | Código de barras | Visto por última vez | Precio de reemplazo | Tipo de ítem Koha |
|---|---|---|---|---|---|---|---|---|---|---|---|---|---|---|---|
| Colección de folletos | Biblioteca del Ateneo de Madrid | Biblioteca del Ateneo de Madrid | Depósito folletos | 05/11/2010 | 2283-F-20 | 1184333 | 23/02/2023 | 23/02/2023 | Folleto |
